Earthquake engineering frontiers in the new millennium. (Record no. 546755)

000 -LEADER
fixed length control field 00469nam a22001457a 4500
082 ## - DEWEY DECIMAL CLASSIFICATION NUMBER
Classification number 624.1762
Author Mark SPE
-- N-01, P-103.p-89
100 ## - MAIN ENTRY--PERSONAL NAME
Personal name JR, B.F. Spencer.
9 (RLIN) 42950
245 ## - TITLE STATEMENT
Title Earthquake engineering frontiers in the new millennium.
Statement of responsibility, etc. B.F. Spencer, Jr
260 ## - PUBLICATION, DISTRIBUTION, ETC.
Place of publication, distribution, etc. Tokyo
Name of publisher, distributor, etc. A.A. Balkema Publishers.
300 ## - PHYSICAL DESCRIPTION
Extent xxi, 460 p.:
Other physical details ill.
526 ## - STUDY PROGRAM INFORMATION NOTE
Program name 0
Interest level 0
Reading level 0
Title point value 624_176200000000000_SPE
526 ## - STUDY PROGRAM INFORMATION NOTE
Program name 0
Interest level 0
Reading level 0
Title point value 624_176200000000000_SPE
650 ## - SUBJECT ADDED ENTRY--TOPICAL TERM
Topical term or geographic name entry element NUST
9 (RLIN) 6342
942 ## - ADDED ENTRY ELEMENTS (KOHA)
Source of classification or shelving scheme
Koha item type Book
Holdings
Withdrawn status Lost status Source of classification or shelving scheme Damaged status Not for loan Permanent Location Current Location Date acquired Total Checkouts Full call number Barcode Date last seen Price effective from Koha item type Date last checked out
          Military College of Engineering (MCE) Military College of Engineering (MCE) 06/18/2014   624.1762 SPE MCE-37200 06/18/2014 06/18/2014 Book  
          Military College of Engineering (MCE) Military College of Engineering (MCE) 08/26/2014 1 624.1762 SPE MCE-36456 11/08/2017 08/26/2014 Book 11/07/2017
© 2023 Central Library, National University of Sciences and Technology. All Rights Reserved.